| 000 | 01867 a2200229 4500 | ||
|---|---|---|---|
| 001 | 54616 | ||
| 005 | 20260407155820.0 | ||
| 008 | 260407a1998 arg spa d | ||
| 003 | AR-UNSa-BCEJYS | ||
| 040 |
_aAR-UNSa-BCEJYS _bspa _cAR-UNSa-BCEJYS |
||
| 080 |
_a329.12 _xCorriente liberal |
||
| 245 | 1 | 0 | _aDespués del liberalismo |
| 020 | _a968-23-2033-X | ||
| 250 | _a2a. ed. | ||
| 264 | 1 |
_aMéxico : _bSiglo Veintiuno editores _c1998 |
|
| 300 |
_a268 p. _c21 cm. |
||
| 505 | _aPrimera parte: Después del decenio de 1990: ¿Es posible reconstruir? - 1. La guerra fría y el tercer mundo: ¿Los buenos tiempos pasados? - 2. Paz,estabilidad y legitimación,1990-2025/2050 - 3. ¿Qué esperanza hay para África? ¿Qué esperanza hay para el mundo? - Segunda parte: La construcción y el triunfo de la ideología liberal - 4. ¿Tres ideologías o una? La seudobatalla de la modernidad - 5. El liberalismo y la legitimación de los estdaos-nación: Una interpretación histórica - 6. El concepto de desarrollo nacional 1917-1989: Elegía y réquiem - Tercera parte: Los dilemas históricos de los liberales - 7. ¿El fin de cuál modernidad? - 8. Las insuperables contradicciones del liberalismo: Los derechos humanos y los derechos de los pueblos en la geo-cultura del sistema mundial moderno - 9. ¿Geocultura del desarrollo o la transformación de nuestra geocultura? - 10. Estados Unidos y el mundo: Hoy,ayer y mañana - Cuarta parte: ¿La muerte del socialismo o el capitalismo en peligro de muerte? - 11. La revolución como estrategia y las tácticas de transformación - 12. El marxismo después de la caída de los comunismos - 13. El colapso del liberalismo - 14. Las agonías del liberalismo.¿Qué esperar del progreso? | ||
| 942 | _cBK | ||
| 590 | _aniveau_biblio:m niveau_hierar:0 | ||
| 100 | 1 | _aWallerstein, Immanuel | |
| 700 | 1 | _aMastrangelo, Stella | |
| 999 |
_c5690 _d5690 |
||